Dictionnaire du commerce et des marchandises (Record no. 153485)
[ view plain ]
| 000 -LEADER | |
|---|---|
| campo de control de longitud fija | 01003nam a22002175i 4500 |
| 001 - NÚMERO DE CONTROL | |
| campo de control | 153485 |
| 003 - IDENTIFICADOR DE NÚMERO DE CONTROL | |
| campo de control | ES-MaACL |
| 005 - FECHA Y HORA DE LA ÚLTIMA TRANSACCIÓN | |
| campo de control | 20251003191618.0 |
| 008 - DATOS DE LONGITUD FIJA--INFORMACIÓN GENERAL | |
| campo de control de longitud fija | 990701 1839 fr |||| | fre d |
| 040 ## - FUENTE DE CATALOGACIÓN | |
| Centro catalogador/agencia de origen | AS |
| Lengua de catalogación | spa |
| Centro/agencia transcriptor | CCPB | 3D |
| 245 00 - MENCIÓN DEL TÍTULO | |
| Título | Dictionnaire du commerce et des marchandises |
| Resto del título | : contenant tout ce qui concerne le commerce de terre et de mer / |
| Mención de responsabilidad, etc. | par Andarud ... [et al.] ; publié sous la direction de Guillaumin. |
| 260 ## - PUBLICACIÓN, DISTRIBUCIÓN, ETC. | |
| Lugar de publicación, distribución, etc. | Paris : |
| Nombre del editor, distribuidor, etc. | Guillaumin et Cie, |
| Fecha de publicación, distribución, etc. | 1839 ( |
| Fabricante | Imprimerie de Bourgogne et Martinet) |
| 300 ## - DESCRIPCIÓN FÍSICA | |
| Extensión | 2 v. ; |
| Dimensiones | 27 cm. |
| 594 #1 - Nota al título y mención de responsabilidad | |
| Nota al título y mención de responsabilidad | Precede al tít. : Encyclopédie du Commerçant. |
| 597 #1 - NOTA DE DESCRIPCIÓN FÍSICA | |
| NOTA DE DESCRIPCIÓN FÍSICA | T. I : 996 p., [1] h. de lám. pleg., [3] h. de mapa pleg. - T. II : [997]-2252 p., [3] h. de lám. pleg., [2] h. de mapa pleg. |
| 650 07 - PUNTO DE ACCESO ADICIONAL DE MATERIA--TÉRMINO DE MATERIA | |
| Término de materia o nombre geográfico como elemento de entrada | Comercio |
| Fuente del encabezamiento o término | embne |
| 9 (RLIN) | 11157 |
| 700 1# - ENTRADA AGREGADA--NOMBRE PERSONAL | |
| Nombre de persona | Andraud, Antoine. |
| 9 (RLIN) | 154524 |
| 700 1# - ENTRADA AGREGADA--NOMBRE PERSONAL | |
| Nombre de persona | Guillaumin, Gilbert-Urbain, |
| Fechas asociadas al nombre | 1801-1864 |
| 9 (RLIN) | 154519 |
| 852 ## - LOCALIZACIÓN | |
| Ubicación | ES-MaACL |
| Número de control de estantería | B-3427-29 |
| Nota libre | -- Enc. hol. |
| -- | -- 2 t. en 3 v. |
| Estatus retirado | Estado de pérdida | Estado de daño | No para préstamo | Colección | Biblioteca de origen | Biblioteca actual | Ubicación en estantería | Fecha de adquisición | Total de préstamos | Signatura topográfica completa | Código de barras | Visto por última vez | Precio de reemplazo | Tipo de ítem Koha |
|---|---|---|---|---|---|---|---|---|---|---|---|---|---|---|
| Libros del s. XIX | Biblioteca del Ateneo de Madrid | Biblioteca del Ateneo de Madrid | Sala Pardo Bazán | 17/01/2008 | B-3427-29 | 1160412 | 23/02/2023 | 23/02/2023 | Libro impreso antiguo |
